[Event "ABC-4 2025 Groep A"]
[Site "Utrecht"]
[Date "2025.03.16"]
[Round "6.9"]
[White "Zhang, Jinchen"]
[Black "Luong, Thao"]
[Result "0-1"]
[WhiteFideId "9011090"]
[BlackFideId "8890816"]
[WhiteElo "1747"]
[BlackElo "1838"]

1. d4 {[%clk 00:55:19]} d5 {[%clk 00:55:16]} {[%emt 00:00:05]} 2. c4 {[%clk
00:55:23]} {[%emt 00:00:06]} e6 {[%clk 00:55:22]} {[%emt 00:00:03]} 3. Nc3
{[%clk 00:55:28]} {[%emt 00:00:05]} Nf6 {[%clk 00:55:26]} {[%emt 00:00:06]} 4.
Bg5 {[%clk 00:55:31]} {[%emt 00:00:06]} Nbd7 {[%clk 00:55:27]} {[%emt
00:00:09]} 5. e3 {[%clk 00:55:29]} {[%emt 00:00:13]} c6 {[%clk 00:55:31]}
{[%emt 00:00:06]} 6. Nf3 {[%clk 00:55:29]} {[%emt 00:00:10]} Qa5 {[%clk
00:55:24]} {[%emt 00:00:17]} 7. Bxf6 {[%clk 00:54:49]} {[%emt 00:00:50]} Nxf6
{[%clk 00:55:28]} {[%emt 00:00:06]} 8. Qc2 {[%clk 00:54:39]} {[%emt 00:00:20]}
Bb4 {[%clk 00:54:09]} {[%emt 00:01:29]} 9. cxd5 {[%clk 00:54:30]} {[%emt
00:00:20]} Nxd5 {[%clk 00:53:49]} {[%emt 00:00:29]} 10. Rc1 {[%clk 00:52:01]}
{[%emt 00:02:39]} Qxa2 {[%clk 00:53:11]} {[%emt 00:00:46]} 11. Be2 {[%clk
00:52:05]} {[%emt 00:00:06]} Nxc3 {[%clk 00:52:05]} {[%emt 00:01:17]} 12. bxc3
{[%clk 00:52:09]} {[%emt 00:00:06]} Qxc2 {[%clk 00:52:06]} {[%emt 00:00:09]} 13.
Rxc2 {[%clk 00:52:14]} {[%emt 00:00:06]} Bd6 {[%clk 00:52:10]} {[%emt
00:00:05]} 14. e4 {[%clk 00:52:11]} {[%emt 00:00:14]} f6 {[%clk 00:51:47]}
{[%emt 00:00:33]} 15. O-O {[%clk 00:52:10]} {[%emt 00:00:11]} b5 {[%clk
00:51:04]} {[%emt 00:00:52]} 16. c4 {[%clk 00:52:04]} {[%emt 00:00:16]} b4
{[%clk 00:50:18]} {[%emt 00:00:56]} 17. c5 {[%clk 00:51:57]} {[%emt 00:00:18]}
Bc7 {[%clk 00:50:13]} {[%emt 00:00:14]} 18. Rb1 {[%clk 00:51:33]} {[%emt
00:00:34]} a5 {[%clk 00:50:09]} {[%emt 00:00:15]} 19. Nd2 {[%clk 00:51:31]}
{[%emt 00:00:12]} e5 {[%clk 00:48:37]} {[%emt 00:01:42]} 20. d5 {[%clk
00:51:13]} {[%emt 00:00:28]} cxd5 {[%clk 00:48:39]} {[%emt 00:00:08]} 21. exd5
{[%clk 00:51:12]} {[%emt 00:00:11]} Bf5 {[%clk 00:48:36]} {[%emt 00:00:12]} 22.
Bb5+ {[%clk 00:51:13]} {[%emt 00:00:10]} Kf7 {[%clk 00:46:56]} {[%emt
00:01:50]} 23. Rbc1 {[%clk 00:50:40]} {[%emt 00:00:43]} Bxc2 {[%clk 00:46:47]}
{[%emt 00:00:18]} 24. Rxc2 {[%clk 00:50:37]} {[%emt 00:00:14]} Rhc8 {[%clk
00:44:13]} {[%emt 00:02:44]} 25. Bd7 {[%clk 00:50:31]} {[%emt 00:00:16]} Rd8
{[%clk 00:43:10]} {[%emt 00:01:13]} 26. Bc6 {[%clk 00:50:05]} {[%emt 00:00:35]}
Rac8 {[%clk 00:40:49]} {[%emt 00:02:31]} 27. Nc4 {[%clk 00:49:20]} {[%emt
00:00:55]} a4 {[%clk 00:39:56]} {[%emt 00:01:04]} 28. d6 {[%clk 00:49:16]}
{[%emt 00:00:14]} b3 {[%clk 00:38:04]} {[%emt 00:02:02]} 29. Rb2 {[%clk
00:49:12]} {[%emt 00:00:14]} Bxd6 {[%clk 00:36:04]} {[%emt 00:02:10]} 30. Bd5+
{[%clk 00:48:02]} {[%emt 00:01:20]} Kf8 {[%clk 00:35:38]} {[%emt 00:00:35]} 31.
cxd6 {[%clk 00:47:42]} {[%emt 00:00:29]} Rxd6 {[%clk 00:35:37]} {[%emt
00:00:12]} 32. Rd2 {[%clk 00:47:39]} {[%emt 00:00:13]} Rxc4 {[%clk 00:35:31]}
{[%emt 00:00:16]} 33. Kf1 {[%clk 00:47:36]} {[%emt 00:00:13]} Rc5 {[%clk
00:35:30]} {[%emt 00:00:13]} 34. Ke2 {[%clk 00:47:37]} {[%emt 00:00:09]} Rcxd5
{[%clk 00:35:32]} {[%emt 00:00:08]} 35. Rb2 {[%clk 00:47:38]} {[%emt 00:00:09]}
Rc5 {[%clk 00:35:02]} {[%emt 00:00:40]} 36. Kf3 {[%clk 00:47:37]} {[%emt
00:00:10]} Rc2 {[%clk 00:35:03]} {[%emt 00:00:09]} 37. Rxb3 {[%clk 00:47:39]}
{[%emt 00:00:09]} axb3 {[%clk 00:35:04]} {[%emt 00:00:09]} 38. Kg4 {[%clk
00:47:42]} {[%emt 00:00:06]} Rxf2 {[%clk 00:34:58]} {[%emt 00:00:17]} 39. Kh4
{[%clk 00:47:47]} {[%emt 00:00:04]} Rxg2 {[%clk 00:34:54]} {[%emt 00:00:15]} 40.
Kh5 {[%clk 00:47:53]} {[%emt 00:00:04]} f5 {[%clk 00:34:34]} {[%emt 00:00:30]}
41. h4 {[%clk 00:47:56]} {[%emt 00:00:06]} Rh6# {[%clk 00:34:40]} {[%emt
00:00:05]} 0-1

[Event "ABC-4 2025 Groep A"]
[Site "Utrecht"]
[Date "2025.03.16"]
[Round "6.10"]
[White "Vrees, Jens"]
[Black "Stoppels, Isabella"]
[Result "1-0"]
[WhiteFideId "9030494"]
[BlackFideId "8759905"]
[WhiteElo "1573"]
[BlackElo "1360"]

1. d4 {[%clk 00:55:14]} {[%emt 00:00:05]} d5 {[%clk 00:55:18]} {[%emt
00:00:03]} 2. Nc3 {[%clk 00:55:17]} {[%emt 00:00:07]} Nf6 {[%clk 00:55:14]}
{[%emt 00:00:14]} 3. Nf3 {[%clk 00:55:09]} {[%emt 00:00:18]} Nc6 {[%clk
00:55:16]} {[%emt 00:00:08]} 4. Bf4 {[%clk 00:54:58]} {[%emt 00:00:21]} g6
{[%clk 00:54:54]} {[%emt 00:00:32]} 5. Qd2 {[%clk 00:54:33]} {[%emt 00:00:34]}
Bg7 {[%clk 00:54:24]} {[%emt 00:00:41]} 6. Nb5 {[%clk 00:53:19]} {[%emt
00:01:22]} O-O {[%clk 00:52:41]} {[%emt 00:01:55]} 7. Nxc7 {[%clk 00:51:03]}
{[%emt 00:02:25]} Rb8 {[%clk 00:51:33]} {[%emt 00:01:19]} 8. Nb5 {[%clk
00:50:52]} {[%emt 00:00:19]} Ra8 {[%clk 00:51:29]} {[%emt 00:00:16]} 9. Nc3
{[%clk 00:50:24]} {[%emt 00:00:38]} Bf5 {[%clk 00:49:46]} {[%emt 00:01:50]} 10.
Bh6 {[%clk 00:49:05]} {[%emt 00:01:29]} Ne4 {[%clk 00:46:55]} {[%emt 00:03:03]}
11. Nxe4 {[%clk 00:48:44]} {[%emt 00:00:31]} Bxe4 {[%clk 00:43:55]} {[%emt
00:03:11]} 12. a3 {[%clk 00:48:24]} {[%emt 00:00:30]} Re8 {[%clk 00:43:06]}
{[%emt 00:00:59]} 13. Bxg7 {[%clk 00:48:07]} {[%emt 00:00:27]} Kxg7 {[%clk
00:43:12]} {[%emt 00:00:04]} 14. e3 {[%clk 00:45:20]} {[%emt 00:02:56]} Rc8
{[%clk 00:41:16]} {[%emt 00:02:06]} 15. Bd3 {[%clk 00:45:04]} {[%emt 00:00:25]}
Bxf3 {[%clk 00:37:44]} {[%emt 00:03:42]} 16. gxf3 {[%clk 00:44:56]} {[%emt
00:00:18]} e5 {[%clk 00:37:45]} {[%emt 00:00:09]} 17. dxe5 {[%clk 00:44:20]}
{[%emt 00:00:44]} Nxe5 {[%clk 00:37:39]} {[%emt 00:00:17]} 18. Be2 {[%clk
00:44:06]} {[%emt 00:00:23]} Qf6 {[%clk 00:35:11]} {[%emt 00:02:39]} 19. f4
{[%clk 00:42:46]} {[%emt 00:01:28]} Nc6 {[%clk 00:34:30]} {[%emt 00:00:54]} 20.
O-O-O {[%clk 00:42:26]} {[%emt 00:00:29]} Rcd8 {[%clk 00:33:09]} {[%emt
00:01:29]} 21. Bb5 {[%clk 00:41:43]} {[%emt 00:00:54]} Re6 {[%clk 00:31:52]}
{[%emt 00:01:28]} 22. Bxc6 {[%clk 00:41:13]} {[%emt 00:00:40]} Rxc6 {[%clk
00:31:15]} {[%emt 00:00:48]} 23. Qd4 {[%clk 00:40:11]} {[%emt 00:01:10]} Qxd4
{[%clk 00:29:06]} {[%emt 00:02:21]} 24. Rxd4 {[%clk 00:40:11]} {[%emt
00:00:09]} b5 {[%clk 00:28:30]} {[%emt 00:00:47]} 25. a4 {[%clk 00:39:03]}
{[%emt 00:01:18]} a6 {[%clk 00:27:38]} {[%emt 00:01:02]} 26. axb5 {[%clk
00:38:18]} {[%emt 00:00:54]} axb5 {[%clk 00:27:34]} {[%emt 00:00:15]} 27. Rhd1
{[%clk 00:38:09]} {[%emt 00:00:19]} Ra6 {[%clk 00:26:52]} {[%emt 00:00:52]} 28.
c3 {[%clk 00:37:29]} {[%emt 00:00:49]} Ra1+ {[%clk 00:24:03]} {[%emt 00:03:00]}
29. Kc2 {[%clk 00:37:38]} Rxd1 {[%clk 00:24:07]} {[%emt 00:00:05]} 30. Rxd1
{[%clk 00:37:34]} {[%emt 00:00:14]} Kf6 {[%clk 00:23:46]} {[%emt 00:00:32]} 31.
e4 {[%clk 00:36:04]} {[%emt 00:01:39]} Ke6 {[%clk 00:23:12]} {[%emt 00:00:45]}
32. Kb3 {[%clk 00:35:30]} {[%emt 00:00:44]} Rb8 {[%clk 00:21:56]} {[%emt
00:01:26]} 33. Rxd5 {[%clk 00:35:13]} {[%emt 00:00:25]} f5 {[%clk 00:21:27]}
{[%emt 00:00:40]} 34. Re5+ {[%clk 00:35:03]} {[%emt 00:00:18]} Kf6 {[%clk
00:20:35]} {[%emt 00:01:02]} 35. exf5 {[%clk 00:34:40]} {[%emt 00:00:34]} gxf5
{[%clk 00:20:08]} {[%emt 00:00:38]} 36. Kb4 {[%clk 00:34:43]} {[%emt 00:00:07]}
Rb7 {[%clk 00:18:47]} {[%emt 00:01:31]} 37. b3 {[%clk 00:32:38]} {[%emt
00:02:14]} h5 {[%clk 00:18:29]} {[%emt 00:00:28]} 38. c4 {[%clk 00:31:15]}
{[%emt 00:01:33]} bxc4+ {[%clk 00:18:26]} {[%emt 00:00:13]} 39. Kxc4 {[%clk
00:31:07]} {[%emt 00:00:18]} Rc7+ {[%clk 00:18:28]} {[%emt 00:00:08]} 40. Rc5
{[%clk 00:30:59]} {[%emt 00:00:17]} Ra7 {[%clk 00:17:04]} {[%emt 00:01:36]} 41.
b4 {[%clk 00:30:30]} {[%emt 00:00:39]} Ra2 {[%clk 00:16:19]} {[%emt 00:00:54]}
42. b5 {[%clk 00:29:13]} {[%emt 00:01:26]} Rc2+ {[%clk 00:15:50]} {[%emt
00:00:41]} 43. Kd5 {[%clk 00:28:53]} {[%emt 00:00:28]} Rd2+ {[%clk 00:15:35]}
{[%emt 00:00:27]} 44. Kc6 {[%clk 00:28:48]} {[%emt 00:00:14]} Ke7 {[%clk
00:15:26]} {[%emt 00:00:18]} 45. b6 {[%clk 00:28:30]} {[%emt 00:00:29]} Rd6+
{[%clk 00:14:02]} {[%emt 00:01:35]} 46. Kb7 {[%clk 00:27:51]} {[%emt 00:00:47]}
Kd7 {[%clk 00:13:43]} {[%emt 00:00:31]} 47. Rxf5 {[%clk 00:27:00]} {[%emt
00:01:01]} Kd8 {[%clk 00:13:16]} {[%emt 00:00:37]} 48. Ka7 {[%clk 00:26:24]}
{[%emt 00:00:45]} Rd4 {[%clk 00:11:23]} {[%emt 00:02:03]} 49. b7 {[%clk
00:25:04]} {[%emt 00:01:28]} Kc7 {[%clk 00:10:49]} {[%emt 00:00:46]} 50. b8=Q
{[%clk 00:24:45]} {[%emt 00:00:29]} Kc6 {[%clk 00:10:33]} {[%emt 00:00:26]} 51.
Qb5+ {[%clk 00:24:28]} {[%emt 00:00:26]} Kc7 {[%clk 00:09:38]} {[%emt
00:01:06]} 52. Qc5 {[%clk 00:24:17]} {[%emt 00:00:20]} 1-0

[Event "ABC-4 2025 Groep A"]
[Site "Utrecht"]
[Date "2025.03.16"]
[Round "7.2"]
[White "Blom, Rens"]
[Black "Rogozyanskiy, Alexander"]
[Result "1/2-1/2"]
[WhiteFideId "8605586"]
[BlackFideId "8973866"]
[WhiteElo "1981"]
[BlackElo "1959"]

1. c4 {[%clk 00:55:17]} {[%emt 00:00:02]} e5 {[%clk 00:52:15]} {[%emt
00:03:04]} 2. Nf3 {[%clk 00:55:12]} {[%emt 00:00:16]} e4 {[%clk 00:51:03]}
{[%emt 00:01:22]} 3. Nd4 {[%clk 00:55:18]} {[%emt 00:00:04]} d5 {[%clk
00:51:04]} {[%emt 00:00:10]} 4. Nc3 {[%clk 00:52:19]} {[%emt 00:03:09]} dxc4
{[%clk 00:46:43]} {[%emt 00:04:31]} 5. Qa4+ {[%clk 00:48:46]} {[%emt 00:03:43]}
Bd7 {[%clk 00:45:33]} {[%emt 00:01:20]} 6. Qxc4 {[%clk 00:48:50]} {[%emt
00:00:06]} Nf6 {[%clk 00:45:39]} {[%emt 00:00:04]} 7. d3 {[%clk 00:46:33]}
{[%emt 00:02:28]} exd3 {[%clk 00:43:29]} {[%emt 00:02:20]} 8. Qxd3 {[%clk
00:46:37]} {[%emt 00:00:05]} Nc6 {[%clk 00:41:18]} {[%emt 00:02:21]} 9. Bf4
{[%clk 00:43:07]} {[%emt 00:03:40]} Nb4 {[%clk 00:33:43]} {[%emt 00:07:45]} 10.
Qd2 {[%clk 00:41:59]} {[%emt 00:01:19]} Nbd5 {[%clk 00:33:11]} {[%emt
00:00:42]} 11. Bg5 {[%emt 00:19:24]} Bb4 {[%clk 00:26:59]} {[%emt 00:01:55]} 12.
a3 {[%clk 00:24:18]} {[%emt 00:03:04]} Nxc3 {[%clk 00:23:08]} {[%emt 00:04:02]}
13. bxc3 {[%clk 00:23:51]} {[%emt 00:00:37]} Be7 {[%clk 00:22:30]} {[%emt
00:00:47]} 14. e3 {[%clk 00:18:38]} {[%emt 00:05:23]} O-O {[%clk 00:19:28]}
{[%emt 00:03:12]} 15. Be2 {[%clk 00:18:11]} {[%emt 00:00:34]} c5 {[%clk
00:16:26]} {[%emt 00:03:14]} 16. Nb3 {[%clk 00:15:38]} {[%emt 00:02:44]} Qb6
{[%clk 00:15:06]} {[%emt 00:01:31]} 17. O-O {[%clk 00:13:20]} {[%emt 00:02:27]}
Rfd8 {[%clk 00:12:55]} {[%emt 00:02:21]} 18. Qc2 {[%clk 00:11:51]} {[%emt
00:01:40]} Ba4 {[%clk 00:09:27]} {[%emt 00:03:37]} 19. Rab1 {[%clk 00:10:22]}
{[%emt 00:01:38]} Rd5 {[%clk 00:07:50]} {[%emt 00:01:47]} 1/2-1/2

[Event "ABC-4 2025 Groep A"]
[Site "Utrecht"]
[Date "2025.03.16"]
[Round "7.3"]
[White "Leenen, Boyd"]
[Black "Smeenk, Merijn"]
[Result "0-1"]
[WhiteFideId "8809306"]
[BlackFideId "8707919"]
[WhiteElo "2018"]
[BlackElo "1993"]

1. d4 {[%clk 00:55:18]} {[%emt 00:00:02]} d5 {[%clk 00:55:06]} {[%emt
00:00:15]} 2. c4 {[%clk 00:55:23]} {[%emt 00:00:05]} dxc4 {[%clk 00:55:09]}
{[%emt 00:00:07]} 3. e4 {[%clk 00:55:27]} {[%emt 00:00:06]} b5 {[%clk
00:55:04]} {[%emt 00:00:15]} 4. a4 {[%clk 00:55:20]} {[%emt 00:00:17]} c6
{[%clk 00:55:05]} {[%emt 00:00:09]} 5. Nf3 {[%clk 00:55:11]} {[%emt 00:00:17]}
Nf6 {[%clk 00:53:55]} {[%emt 00:01:22]} 6. Nbd2 {[%clk 00:52:03]} {[%emt
00:03:18]} e6 {[%clk 00:52:48]} {[%emt 00:01:16]} 7. Be2 {[%clk 00:51:42]}
{[%emt 00:00:31]} Bb4 {[%clk 00:51:56]} {[%emt 00:01:02]} 8. Qc2 {[%clk
00:51:21]} {[%emt 00:00:31]} O-O {[%clk 00:50:09]} {[%emt 00:01:59]} 9. O-O
{[%clk 00:51:09]} {[%emt 00:00:20]} a5 {[%clk 00:46:33]} {[%emt 00:03:47]} 10.
Nb1 {[%clk 00:47:06]} {[%emt 00:04:13]} Bb7 {[%clk 00:43:33]} {[%emt 00:03:10]}
11. Bg5 {[%clk 00:45:52]} {[%emt 00:01:23]} Be7 {[%clk 00:41:31]} {[%emt
00:02:11]} 12. Nbd2 {[%clk 00:41:53]} {[%emt 00:04:10]} Na6 {[%clk 00:40:02]}
{[%emt 00:01:38]} 13. Rac1 {[%clk 00:39:42]} {[%emt 00:02:22]} Qb6 {[%clk
00:36:52]} {[%emt 00:03:19]} 14. h3 {[%clk 00:37:53]} {[%emt 00:01:59]} h6
{[%clk 00:34:22]} {[%emt 00:02:40]} 15. Be3 {[%clk 00:37:39]} {[%emt 00:00:24]}
Nb4 {[%clk 00:32:03]} {[%emt 00:02:29]} 16. Qb1 {[%clk 00:37:43]} {[%emt
00:00:07]} Qc7 {[%clk 00:31:14]} {[%emt 00:00:59]} 17. b3 {[%clk 00:35:21]}
{[%emt 00:02:32]} Na6 {[%clk 00:26:43]} {[%emt 00:04:41]} 18. bxc4 {[%clk
00:33:40]} {[%emt 00:01:51]} b4 {[%clk 00:26:19]} {[%emt 00:00:34]} 19. c5
{[%clk 00:33:03]} {[%emt 00:00:47]} Nb8 {[%clk 00:25:12]} {[%emt 00:01:17]} 20.
Nb3 {[%clk 00:30:58]} {[%emt 00:02:15]} Ba6 {[%clk 00:23:08]} {[%emt 00:02:14]}
21. Bxa6 {[%clk 00:30:46]} {[%emt 00:00:22]} Rxa6 {[%clk 00:23:09]} {[%emt
00:00:10]} 22. Qd3 {[%clk 00:27:44]} {[%emt 00:03:11]} Ra7 {[%clk 00:22:31]}
{[%emt 00:00:47]} 23. g3 {[%clk 00:23:01]} {[%emt 00:04:53]} Nbd7 {[%clk
00:20:58]} {[%emt 00:01:44]} 24. Bf4 {[%clk 00:22:56]} {[%emt 00:00:15]} Qc8
{[%clk 00:19:41]} {[%emt 00:01:23]} 25. Rfe1 {[%clk 00:22:31]} {[%emt
00:00:38]} Rd8 {[%clk 00:18:43]} {[%emt 00:01:09]} 26. Qc2 {[%clk 00:22:03]}
{[%emt 00:00:38]} Nf8 {[%clk 00:16:29]} {[%emt 00:02:24]} 27. Ne5 {[%clk
00:21:40]} {[%emt 00:00:32]} N6d7 {[%clk 00:12:20]} {[%emt 00:04:18]} 28. Nxd7
{[%clk 00:19:53]} {[%emt 00:02:00]} Rdxd7 {[%clk 00:09:31]} {[%emt 00:02:58]}
29. Be3 {[%clk 00:18:28]} {[%emt 00:01:35]} Nh7 {[%clk 00:08:15]} {[%emt
00:01:25]} 30. Kg2 {[%clk 00:18:22]} {[%emt 00:00:16]} Nf6 {[%clk 00:07:39]}
{[%emt 00:00:46]} 31. f4 {[%clk 00:18:15]} {[%emt 00:00:18]} Bf8 {[%clk
00:07:18]} {[%emt 00:00:32]} 32. Bf2 {[%clk 00:18:16]} {[%emt 00:00:08]} Qd8
{[%clk 00:06:52]} {[%emt 00:00:36]} 33. Qe2 {[%clk 00:18:02]} {[%emt 00:00:24]}
g6 {[%clk 00:05:43]} {[%emt 00:01:19]} 34. Qf3 {[%clk 00:17:56]} {[%emt
00:00:16]} Kh7 {[%clk 00:04:28]} {[%emt 00:01:25]} 35. g4 {[%clk 00:17:43]}
{[%emt 00:00:23]} h5 {[%clk 00:04:09]} {[%emt 00:00:29]} 36. Bh4 {[%clk
00:17:21]} {[%emt 00:00:29]} Be7 {[%clk 00:04:13]} {[%emt 00:00:08]} 37. Bxf6
{[%clk 00:16:57]} {[%emt 00:00:34]} Bxf6 {[%clk 00:04:22]} {[%emt 00:00:02]} 38.
e5 {[%clk 00:16:59]} {[%emt 00:00:09]} Bh4 {[%clk 00:03:32]} {[%emt 00:00:56]}
39. Rh1 {[%clk 00:16:53]} {[%emt 00:00:18]} Rxd4 {[%clk 00:03:31]} {[%emt
00:00:11]} 40. Nxd4 {[%clk 00:16:40]} {[%emt 00:00:24]} Qxd4 {[%clk 00:03:39]}
{[%emt 00:00:01]} 41. Rhd1 {[%clk 00:16:24]} {[%emt 00:00:27]} Qb2+ {[%clk
00:03:29]} {[%emt 00:00:20]} 42. Kh1 {[%clk 00:16:27]} {[%emt 00:00:04]} hxg4
{[%clk 00:03:28]} {[%emt 00:00:13]} 43. hxg4 {[%clk 00:16:31]} {[%emt
00:00:05]} Kg7 {[%clk 00:03:30]} {[%emt 00:00:08]} 44. Qxc6 {[%clk 00:15:33]}
{[%emt 00:01:08]} Qb3 {[%clk 00:02:24]} {[%emt 00:01:16]} 45. Qg2 {[%clk
00:15:27]} {[%emt 00:00:17]} Rc7 {[%clk 00:02:03]} {[%emt 00:00:31]} 46. c6
{[%clk 00:15:12]} {[%emt 00:00:25]} Rc8 {[%clk 00:01:40]} {[%emt 00:00:33]} 47.
Kg1 {[%clk 00:02:48]} {[%emt 00:12:34]} Qe3+ {[%clk 00:01:38]} {[%emt
00:00:12]} 48. Kf1 {[%clk 00:02:43]} {[%emt 00:00:15]} Qxf4+ {[%clk 00:01:44]}
{[%emt 00:00:04]} 49. Ke2 {[%clk 00:02:52]} {[%emt 00:00:01]} Qxe5+ {[%clk
00:01:44]} {[%emt 00:00:10]} 50. Kf3 {[%clk 00:02:14]} {[%emt 00:00:48]} Bg5
{[%clk 00:01:42]} {[%emt 00:00:12]} 51. Rc4 {[%clk 00:02:15]} {[%emt 00:00:09]}
Qe3# {[%emt 00:00:05]} 0-1

[Event "ABC-4 2025 Groep A"]
[Site "Utrecht"]
[Date "2025.03.16"]
[Round "7.4"]
[White "Hage, Ruben"]
[Black "Moskalets, Sofia"]
[Result "0-1"]
[WhiteFideId "8606444"]
[BlackFideId "9002081"]
[WhiteElo "1779"]
[BlackElo "2150"]

1. c4 {[%clk 00:55:19]} {[%emt 00:00:01]} Nf6 {[%clk 00:55:11]} {[%emt
00:00:09]} 2. Nc3 {[%clk 00:55:25]} {[%emt 00:00:04]} g6 {[%clk 00:55:15]}
{[%emt 00:00:07]} 3. g3 {[%clk 00:55:31]} {[%emt 00:00:03]} Bg7 {[%clk
00:55:20]} {[%emt 00:00:04]} 4. Bg2 {[%clk 00:55:38]} {[%emt 00:00:03]} O-O
{[%clk 00:55:23]} {[%emt 00:00:06]} 5. d4 {[%clk 00:55:34]} {[%emt 00:00:15]}
d6 {[%clk 00:55:29]} {[%emt 00:00:04]} 6. e4 {[%clk 00:55:38]} {[%emt
00:00:07]} e5 {[%clk 00:54:19]} {[%emt 00:01:19]} 7. Nf3 {[%clk 00:53:46]}
{[%emt 00:02:02]} Nc6 {[%clk 00:53:00]} {[%emt 00:01:29]} 8. dxe5 {[%clk
00:52:00]} {[%emt 00:01:56]} Nxe5 {[%clk 00:49:22]} {[%emt 00:03:47]} 9. Nxe5
{[%clk 00:52:04]} {[%emt 00:00:07]} dxe5 {[%clk 00:49:28]} {[%emt 00:00:04]} 10.
O-O {[%clk 00:52:08]} {[%emt 00:00:06]} c6 {[%clk 00:47:06]} {[%emt 00:02:32]}
11. h3 {[%clk 00:50:10]} {[%emt 00:02:08]} Be6 {[%clk 00:43:23]} {[%emt
00:03:53]} 12. b3 {[%clk 00:49:25]} {[%emt 00:00:55]} Qc7 {[%clk 00:42:08]}
{[%emt 00:01:24]} 13. Qe2 {[%clk 00:48:34]} {[%emt 00:01:01]} Rad8 {[%clk
00:41:50]} {[%emt 00:00:28]} 14. Ba3 {[%clk 00:47:36]} {[%emt 00:01:08]} Rfe8
{[%clk 00:41:51]} {[%emt 00:00:09]} 15. Rad1 {[%clk 00:47:37]} {[%emt
00:00:09]} Qa5 {[%clk 00:39:17]} {[%emt 00:02:44]} 16. Bb2 {[%clk 00:46:20]}
{[%emt 00:01:27]} Nd7 {[%clk 00:36:32]} {[%emt 00:02:56]} 17. a3 {[%clk
00:43:13]} {[%emt 00:03:19]} Qb6 {[%clk 00:32:45]} {[%emt 00:03:56]} 18. b4
{[%clk 00:43:03]} {[%emt 00:00:20]} Nf8 {[%clk 00:32:09]} {[%emt 00:00:46]} 19.
Na4 {[%clk 00:42:03]} {[%emt 00:01:11]} Qa6 {[%clk 00:25:47]} {[%emt 00:06:31]}
20. Nc5 {[%clk 00:40:53]} {[%emt 00:01:20]} Bxc4 {[%clk 00:23:28]} {[%emt
00:02:30]} 21. Qc2 {[%clk 00:39:16]} {[%emt 00:01:46]} Qb5 {[%clk 00:22:51]}
{[%emt 00:00:46]} 22. Nxb7 {[%clk 00:37:48]} {[%emt 00:01:38]} Qxb7 {[%clk
00:15:12]} {[%emt 00:07:49]} 23. Qxc4 {[%clk 00:37:48]} {[%emt 00:00:10]} Ne6
{[%clk 00:15:10]} {[%emt 00:00:11]} 24. Kh2 {[%clk 00:37:27]} {[%emt 00:00:31]}
Qb6 {[%clk 00:13:33]} {[%emt 00:01:48]} 25. h4 {[%clk 00:36:30]} {[%emt
00:01:07]} Rxd1 {[%clk 00:12:20]} {[%emt 00:01:24]} 26. Rxd1 {[%clk 00:36:25]}
{[%emt 00:00:14]} Qxf2 {[%clk 00:12:11]} {[%emt 00:00:18]} 27. Qxc6 {[%clk
00:36:10]} {[%emt 00:00:26]} Rf8 {[%clk 00:11:55]} {[%emt 00:00:26]} 28. Qc1
{[%clk 00:35:52]} {[%emt 00:00:29]} Nd4 {[%clk 00:10:04]} {[%emt 00:02:00]} 29.
Bxd4 {[%clk 00:33:23]} {[%emt 00:02:39]} exd4 {[%clk 00:10:09]} {[%emt
00:00:05]} 30. Qd2 {[%clk 00:33:23]} {[%emt 00:00:10]} Qf6 {[%clk 00:09:37]}
{[%emt 00:00:42]} 31. Qf4 {[%clk 00:32:25]} {[%emt 00:01:08]} Qe6 {[%clk
00:09:05]} {[%emt 00:00:41]} 32. e5 {[%clk 00:32:10]} {[%emt 00:00:26]} Bxe5
{[%clk 00:08:26]} {[%emt 00:00:48]} 33. Qe4 {[%clk 00:32:13]} {[%emt 00:00:07]}
Qd6 {[%clk 00:07:56]} {[%emt 00:00:40]} 34. Rd3 {[%clk 00:32:00]} {[%emt
00:00:24]} Rc8 {[%clk 00:05:58]} {[%emt 00:02:07]} 35. Qd5 {[%clk 00:30:16]}
{[%emt 00:01:56]} Qe7 {[%clk 00:05:51]} {[%emt 00:00:16]} 36. Kh3 {[%clk
00:29:59]} {[%emt 00:00:28]} Rc3 {[%clk 00:04:23]} {[%emt 00:01:38]} 37. Rxc3
{[%clk 00:29:50]} {[%emt 00:00:19]} dxc3 {[%clk 00:04:31]} {[%emt 00:00:02]} 38.
Qd3 {[%clk 00:29:41]} {[%emt 00:00:18]} Qe6+ {[%clk 00:04:04]} {[%emt
00:00:37]} 39. g4 {[%clk 00:28:35]} {[%emt 00:01:16]} h5 {[%clk 00:03:50]}
{[%emt 00:00:24]} 40. Bf3 {[%clk 00:28:31]} {[%emt 00:00:14]} Qa2 {[%clk
00:03:21]} {[%emt 00:00:39]} 41. Be2 {[%clk 00:27:02]} {[%emt 00:01:39]} hxg4+
{[%clk 00:03:25]} {[%emt 00:00:05]} 42. Kxg4 {[%clk 00:27:03]} {[%emt
00:00:09]} c2 {[%clk 00:02:40]} {[%emt 00:00:56]} 43. Qd2 {[%clk 00:27:03]}
{[%emt 00:00:09]} Qe6+ {[%clk 00:02:40]} {[%emt 00:00:11]} 44. Kf3 {[%clk
00:27:07]} {[%emt 00:00:05]} Qc6+ {[%clk 00:02:46]} {[%emt 00:00:03]} 0-1